Detalles MARC
| 000 -LEADER |
| fixed length control field |
04999nam a2200589Ii 4500 |
| 001 - CONTROL NUMBER |
| control field |
DIGIBE0519 |
| 003 - CONTROL NUMBER IDENTIFIER |
| control field |
NyNyDIG |
| 006 - FIXED-LENGTH DATA ELEMENTS--ADDITIONAL MATERIAL CHARACTERISTICS |
| fixed length control field |
m o d |
| 008 - FIXED-LENGTH DATA ELEMENTS--GENERAL INFORMATION |
| fixed length control field |
191020s2013 sp ob 100 0 spa d |
| 007 - PHYSICAL DESCRIPTION FIXED FIELD--GENERAL INFORMATION |
| fixed length control field |
cr ||||||||||| |
| 035 ## - SYSTEM CONTROL NUMBER |
| System control number |
(OCoLC)1124669449 |
| 040 ## - CATALOGING SOURCE |
| Original cataloging agency |
DGITA |
| Language of cataloging |
eng |
| Description conventions |
rda |
| -- |
pn |
| Transcribing agency |
DGITA |
| 020 ## - INTERNATIONAL STANDARD BOOK NUMBER |
| International Standard Book Number |
9783954870806 |
| Qualifying information |
(eBook ; |
| -- |
pdf) |
| 020 ## - INTERNATIONAL STANDARD BOOK NUMBER |
| International Standard Book Number |
3954870800 |
| Qualifying information |
(eBook ; |
| -- |
pdf) |
| 020 ## - INTERNATIONAL STANDARD BOOK NUMBER |
| Canceled/invalid ISBN |
9788484897156 |
| Qualifying information |
(Iberoamericana) |
| 020 ## - INTERNATIONAL STANDARD BOOK NUMBER |
| Canceled/invalid ISBN |
848489715X |
| Qualifying information |
(Iberoamericana) |
| 020 ## - INTERNATIONAL STANDARD BOOK NUMBER |
| Canceled/invalid ISBN |
9783865277664 |
| Qualifying information |
(Vervuert) |
| 020 ## - INTERNATIONAL STANDARD BOOK NUMBER |
| Canceled/invalid ISBN |
3865277667 |
| Qualifying information |
(Vervuert) |
| 043 ## - GEOGRAPHIC AREA CODE |
| Geographic area code |
e-sp--- |
| 050 14 - LIBRARY OF CONGRESS CALL NUMBER |
| Classification number |
PQ6047.J4 ebook |
| 082 04 - DEWEY DECIMAL CLASSIFICATION NUMBER |
| Classification number |
860.935203924 |
| 111 2# - MAIN ENTRY--MEETING NAME |
| Meeting name or jurisdiction name as entry element |
Coloquio Internacional "La Literatura de Conversos Después de 1492" |
| Date of meeting or treaty signing |
(2010 : |
| Location of meeting |
Universiṭah ha-ʻIvrit bi-Yerushalayim), |
| Relator term |
author. |
| 245 13 - TITLE STATEMENT |
| Title |
Lo converso : |
| Remainder of title |
orden imaginario y realidad en la cultura española (siglos XIV-XVII) / |
| Statement of responsibility, etc. |
Ruth Fine, Michèle Guillemont, Juan Diego Vila (eds.). |
| 246 30 - VARYING FORM OF TITLE |
| Title proper/short title |
Orden imaginario y realidad en la cultura española (siglos XIV-XVII) |
| 264 #1 - PRODUCTION, PUBLICATION, DISTRIBUTION, MANUFACTURE, AND COPYRIGHT NOTICE |
| Place of production, publication, distribution, manufacture |
Madrid : |
| Name of producer, publisher, distributor, manufacturer |
Iberoamericana ; |
| Place of production, publication, distribution, manufacture |
Frankfurt am Main : |
| Name of producer, publisher, distributor, manufacturer |
Vervuert Verlag, |
| Date of production, publication, distribution, manufacture, or copyright notice |
2013. |
| 300 ## - PHYSICAL DESCRIPTION |
| Extent |
1 online resource. |
| 336 ## - CONTENT TYPE |
| Content type term |
text |
| Content type code |
txt |
| Source |
rdacontent |
| 337 ## - MEDIA TYPE |
| Media type term |
computer |
| Media type code |
c |
| Source |
rdamedia |
| 338 ## - CARRIER TYPE |
| Carrier type term |
online resource |
| Carrier type code |
cr |
| Source |
rdacarrier |
| 347 ## - DIGITAL FILE CHARACTERISTICS |
| File type |
text file |
| Source |
rdaft |
| 347 ## - DIGITAL FILE CHARACTERISTICS |
| Encoding format |
PDF |
| 504 ## - BIBLIOGRAPHY, ETC. NOTE |
| Bibliography, etc. note |
Includes bibliographical references. |
| 505 0# - FORMATTED CONTENTS NOTE |
| Formatted contents note |
Constelaciones conversas / Ruth Fine, Michèle Guillemont, Juan Diego Vila -- Quebrantar la jura de mis abuelos (I): los conversos en los primeros cancioneros castellanos medievales (1369-1454) / Óscar Perea Rodríguez -- Conversos, Inquisición y cultura en el Reino de Valencia / José Hinojosa Montalvo -- Los conversos Juan Ramírez de Lucena y Alfonso de Santa Cruz: puntos de encuentro y desencuentro con otros cristianos nuevos (siglos XV al XVI) / Rica Amrán -- El Tractado muy provechoso contra el común e muy continuo pecado que es detraher o murmurar y decir mal de alguno en su absencia de Hernando de Talavera (Grandad, 1496): ¿el texto de un "converso"? / Michèle Guillemont -- Joan Lluis vives y su origen cristiano nuevo: huellas e impactos / Rachel Ibáñez-Sperber -- Hacia una nueva lectua de Amadis de Gaula en hebro / Assaf Ashkenazi -- El Abencerraje de Antonio de Villegas: una revisió neocristiana / David A. Boruchoff -- El lenguaje de la pertenencia en la obra de Jorge de Montemayor / Lola Esteva de Llobet -- Revisitando el concepto de literatura de conversos: el caso de Lazarillo, progenitor de los libros de pícaros / Augustin Redondo -- "Shma' Israel" de Pizarro en quechua: un interrogante a dilucidar / Jan Szemiński -- Gangéticas Musas na sciencia: García D'Orta y las culturas de su época / Eleazar Gutwirth -- El humanista converso Juan de Mal Lara (1524-1570) / Kevin Ingram -- "Bellaco, marrano, ¿sois vos ginovés?: exilio, sujeción injuriosa y fantasmas conversos en el Guzmán de Alfarache / Juan Diego Vila -- La inaudible queja de los oprimidos: variaciones del antijudaísmo en Lope de Vega y Cañizares y Mota / Juan Carlos Garrot Zambrana -- Cervantes y los portugueses / Juan Ignacio Pulido Serrano -- La Novela del curioso impertinente, parábola de la Inquisición / Kevin S. Larsen -- Describiendo una vida, labrando una identidad: Juan Méndez Nieto y sus Discursos medicinales / Aliza Moreno-Goldschmidt -- El caso límite de la literatura de conversos: una lectura psicoanalítica de La mayor confusión de Juan Pérez de Montalbán / Or Hasson -- Escritura de la represión religiosa en el virreinato del Perú: al auto del converso / Esperanza López Parada -- La literatura de conversos después de 1492: autores y obras en busca de un discurso crítico / Ruth Fine. |
| 588 0# - SOURCE OF DESCRIPTION NOTE |
| Source of description note |
Online resource; title from PDF title page (Digitalia, viewed October 22, 2019) |
| 650 #0 - SUBJECT ADDED ENTRY--TOPICAL TERM |
| Topical term or geographic name entry element |
Spanish literature |
| Chronological subdivision |
To 1500 |
| General subdivision |
History and criticism |
| Form subdivision |
Congresses. |
| 650 #0 - SUBJECT ADDED ENTRY--TOPICAL TERM |
| Topical term or geographic name entry element |
Spanish literature |
| Chronological subdivision |
Classical period, 1500-1700 |
| General subdivision |
History and criticism |
| Form subdivision |
Congresses. |
| 650 #0 - SUBJECT ADDED ENTRY--TOPICAL TERM |
| Topical term or geographic name entry element |
Spanish literature |
| General subdivision |
Jewish authors |
| -- |
History and criticism |
| Form subdivision |
Congresses. |
| 650 #0 - SUBJECT ADDED ENTRY--TOPICAL TERM |
| Topical term or geographic name entry element |
Marranos in literature |
| Form subdivision |
Congresses. |
| 650 #0 - SUBJECT ADDED ENTRY--TOPICAL TERM |
| Topical term or geographic name entry element |
Jews in literature |
| Form subdivision |
Congresses. |
| 650 #0 - SUBJECT ADDED ENTRY--TOPICAL TERM |
| Topical term or geographic name entry element |
Marranos |
| General subdivision |
History |
| Form subdivision |
Congresses. |
| 650 #0 - SUBJECT ADDED ENTRY--TOPICAL TERM |
| Topical term or geographic name entry element |
Jews |
| Geographic subdivision |
Spain |
| General subdivision |
History |
| Form subdivision |
Congresses. |
| 655 #0 - INDEX TERM--GENRE/FORM |
| Genre/form data or focus term |
Electronic books. |
| 700 1# - ADDED ENTRY--PERSONAL NAME |
| Personal name |
Fine, Ruth, |
| Relator term |
editor. |
| 700 1# - ADDED ENTRY--PERSONAL NAME |
| Personal name |
Guillemont, Michèle, |
| Relator term |
editor. |
| 700 1# - ADDED ENTRY--PERSONAL NAME |
| Personal name |
Vila, Juan Diego, |
| Relator term |
editor. |
| 791 2# - |
| -- |
Digitalia (Firm), |
| -- |
distributor. |
| 793 0# - |
| -- |
Digitalia eBook Collection: |
| -- |
Iberoamericana/Vervuert |
| 776 08 - ADDITIONAL PHYSICAL FORM ENTRY |
| Relationship information |
Print version: |
| Main entry heading |
Coloquio Internacional "La Literatura de Conversos Después de 1492" (2010 : Universiṭah ha-ʻIvrit bi-Yerushalayim). |
| Title |
Lo converso. |
| Place, publisher, and date of publication |
Madrid : Iberoamericana ; Frankfurt am Main : Vervuert, 2013 |
| International Standard Book Number |
9788484897156 |
| Record control number |
(DLC) 2013459937 |
| -- |
(OCoLC)867621378 |
| 856 40 - ELECTRONIC LOCATION AND ACCESS |
| Materials specified |
Digitalia Hispánica |
| Uniform Resource Identifier |
<a href="https://www.digitaliapublishing.com/a/56926/">https://www.digitaliapublishing.com/a/56926/</a> |
| 910 ## - USER-OPTION DATA (OCLC) |
| User-option data |
Premium collection: 2019 |
| 942 ## - ADDED ENTRY ELEMENTS (KOHA) |
| Koha item type |
Recurso Electrónico |